Marketingový plán na jednu stránku : nejrychlejší cesta k penězům / Allan Dib ; překlad Martin Šikýř
Record details
- ISBN: 978-80-271-2591-3
- Physical Description: 214 stran : ilustrace ; 23 cm
- Edition: První vydání
- Publisher: Praha : Grada, 2020
Content descriptions
| General Note: | Přeloženo z angličtiny |
Search for related items by subject
| Subject: | strategický marketing řízení vztahů se zákazníky úspěch v podnikání strategic marketing customer relationship management success in business |
| Genre: | příručky handbooks and manuals |
Available copies
- 1 of 1 copy available at Common Catalog SPOK.
Holds
- 0 current holds with 1 total copy.
Show Only Available Copies
| Location | Call Number / Copy Notes | Barcode | Shelving Location | Status | Due Date |
|---|---|---|---|---|---|
| Jabok Library | Soc-8.2 | 424480045330 | Odborná literatura | Available | - |
| LDR | 01627nam a2200469 i 4500 | ||
|---|---|---|---|
| 001 | 56656 | ||
| 003 | CZ-PrJAB | ||
| 005 | 20200310105001.0 | ||
| 007 | ta | ||
| 008 | 200213s2020 xr a e f 000 0 cze | ||
| 015 | . | ‡acnb003176132 | |
| 020 | . | ‡a978-80-271-2591-3 ‡q(brožováno) : ‡cKč 349,00 | |
| 035 | . | ‡a(CZ PrNK)nkc20203176132 | |
| 035 | . | ‡a(OCoLC)1199990697 | |
| 040 | . | ‡aOLA001 ‡bcze ‡erda | |
| 041 | 1 | . | ‡acze ‡heng |
| 072 | 7. | ‡a658 ‡xŘízení a správa podniku ‡2Konspekt ‡94 | |
| 080 | . | ‡a658.8:005.21 ‡2MRF | |
| 080 | . | ‡a005.346 ‡2MRF | |
| 080 | . | ‡a658:17.024.4 ‡2MRF | |
| 080 | . | ‡a(035) ‡2MRF | |
| 100 | 1 | . | ‡aDib, Allan ‡7utb20181010479 ‡4aut |
| 240 | 1 | 0. | ‡a1-page marketing plan. ‡lČesky |
| 245 | 1 | 0. | ‡aMarketingový plán na jednu stránku : ‡bnejrychlejší cesta k penězům / ‡cAllan Dib ; překlad Martin Šikýř |
| 250 | . | ‡aPrvní vydání | |
| 264 | 1. | ‡aPraha : ‡bGrada, ‡c2020 | |
| 300 | . | ‡a214 stran : ‡bilustrace ; ‡c23 cm | |
| 336 | . | ‡atext ‡btxt ‡2rdacontent | |
| 337 | . | ‡abez média ‡bn ‡2rdamedia | |
| 338 | . | ‡asvazek ‡bnc ‡2rdacarrier | |
| 500 | . | ‡aPřeloženo z angličtiny | |
| 650 | 0 | 7. | ‡astrategický marketing ‡7ph116292 ‡2czenas |
| 650 | 0 | 7. | ‡ařízení vztahů se zákazníky ‡7ph118187 ‡2czenas |
| 650 | 0 | 7. | ‡aúspěch v podnikání ‡7ph286292 ‡2czenas |
| 650 | 0 | 9. | ‡astrategic marketing ‡2eczenas |
| 650 | 0 | 9. | ‡acustomer relationship management ‡2eczenas |
| 650 | 0 | 9. | ‡asuccess in business ‡2eczenas |
| 655 | 7. | ‡apříručky ‡7fd133209 ‡2czenas | |
| 655 | 9. | ‡ahandbooks and manuals ‡2eczenas | |
| 700 | 1 | . | ‡aŠikýř, Martin, ‡d1974- ‡7mzk2007417184 ‡4trl |
| 910 | . | ‡aABG312 | |
| 995 | . | ‡aska | |
| 901 | . | ‡a56656 ‡bAUTOGEN ‡c56656 ‡tbiblio | |